000 00828nam a2200253 i 4500
001 82772
003 ES-MaACL
005 20250830062807.0
007 t|
008 041111s1964 sp ||||1| spa d
080 _a27-675
100 1 _aAlgermissen, Konrad.
_9144242
245 1 0 _aIglesia católica y confesiones cristianas
_b: (confesionología) /
_cKonrad Algermissen ; [traducción de: V. Fernández Peregrina].
260 _aMadrid :
_bRialp,
_c1964.
300 _aXXVI, 1431 p. ;
_c23 cm.
490 1 _aBiblioteca de Teología ;
_v1
500 _aÍndice.
594 _aTít. original: Konfessionskunde.
650 0 4 _aEcumenismo.
_912045
700 0 _aFernández Peregrina, V.
_949990
830 0 0 _aBiblioteca de teología
_v1
_9183765
852 _aES-MaACL
_jE-13750
_xOlim P-316-Ter
999 _c82772
_d82772